000 00467nam a2200181Ia 4500
001 29844
003 IN-NITTTR
005 20251114233405.0
008 251113s9999||||xx |||||||||||||| ||eng||
040 _beng
040 _cIN-NITTTR
041 _aeng
082 _a331.011 P98H
100 _aPuthenkalam, John Joseph
245 0 _aHuman development strategy of MGNREGA /
_cPuthenkalam, John Joseph, George, M. K.
700 _a George, M. K.
942 _2ddc
_cBK
999 _c32472
_d32472